| 000 | 01431cam a2200325 a 4500 | ||
|---|---|---|---|
| 001 | 12576380 | ||
| 003 | ARRUPE | ||
| 005 | 20160330112008.0 | ||
| 008 | 011031m20022003tnu b 001 0 eng | ||
| 010 | _a 2001055256 | ||
| 020 | _a0687052963 (alk. paper) | ||
| 020 | _a0687028108 (v. 2 : alk. paper) | ||
| 020 | _a0687022266 (v. 3 : pbk. : alk paper) | ||
| 040 |
_aDLC _cDLC _dDLC |
||
| 050 | 0 | 0 |
_aBX8217.W54 _bK56 2002 |
| 082 | 0 | 0 |
_a252/.07 _221 |
| 100 | 1 |
_aWesley, John, _d1703-1791. _922908 |
|
| 240 | 1 | 0 | _aSermons on several occasions |
| 245 | 1 | 4 |
_aJohn Wesley on Christian Beliefs: _c[edited by] Kenneth Cain Kinghorn. _bthe standard sermons in modern English |
| 260 |
_aNashville, TN : _bAbingdon Press, _c2002 |
||
| 300 |
_a347p. ; _c23 cm. |
||
| 504 | _aIncludes bibliographical references and indexes. | ||
| 505 | 1 | _av. 1. John Wesley on Christian beliefs, 1-20 -- v. 2. John Wesley on the Sermon on the mount, 21-33 -- v. 3. John Wesley on Christian practice, 34-53. | |
| 650 | 0 |
_aMethodist Church _vSermons. _922909 |
|
| 650 | 0 |
_aSermons, English _y18th century. _922910 |
|
| 700 | 1 |
_aKinghorn, Kenneth C. _922911 |
|
| 906 |
_a7 _bcbc _corignew _d1 _eocip _f20 _gy-gencatlg |
||
| 942 |
_2lcc _cMONOGRAPH |
||
| 999 |
_c124366 _d124366 |
||